000
00247nam a22001217a 4500
008
180927b xxu||||| |||| 00| 0 eng d
041
_a
eng
080
_a
519
100
_a
38
101
_a
MAT
245
_a
Calculus
_c
Smith.E.S
942
_2
udc
_c
BK
999
_c
48537
_d
48537